LEGO Harry Potter Minifigures - Statistics

General Stats
  • This quiz has been taken 125 times
  • The average score is 90 of 191
Answer Stats
Series Sets' Numbers Minifigure % Correct
1 4701, 4702, 4704, 4706, 4708, 4709, 4711, 4712, 4714, 4720, 4721, 4726, 4727, 4728, 4729, 4730, 4733 Harry Potter
100%
2 4751, 4753, 4755, 4756, 4757, 4758, 4762, 4766, 4767, 5378, 10132 Harry Potter
100%
3 4736, 4737, 4738, 4840, 4841, 4842, 4865, 4866, 4867, 10217, 30110, 30111, Comic Convention 2011 Exclusive Harry Potter
100%
4 11923, 30407, 30420, 40419, 40500, 75945, 75946, 75947, 75948, 75950, 75953, 75954, 75955, 75956, 75957, 75965, 75966, 75967, 75968, 75969, 75978, 75979, 75980, 76385, 76386, 76387, 76388, 76389, 76392, Magazine, Advent Calendar 2019, Advent Calendar 2020, Advent Calendar 2021, Minifigures series 1, Minifigures series 2 Harry Potter
100%
1 4704, 4705, 4706, 4708, 4709, 4722, 4727, 4728, 4730 Ron Weasley
99%
2 4757, 4758, 4762, 5378, 10132 Ron Weasley
99%
3 4738, 4841, 10217 Ron Weasley
99%
4 75947, 75948, 75950, 75953, 75954, 75955, 75968, 75969, 75978, 75980, 76382, 76386, 76387, 76388, 76389, 76392, Advent Calendar 2019, Advent Calendar 2020, Advent Calendar 2021, Minifigures series 1, Minifigures series 2 Ron Weasley
99%
1 4706, 4708, 4709, 4723 Hermione Granger
95%
2 4754, 4757, 4762, 5378 Hermione Granger
95%
3 4738, 4842, 10217 Hermione Granger
95%
4 30392, 75947, 75948, 75953, 75954, 75955, 75956, 75966, 75967, 75969, 75978, 76382, 76386, 76387, 76392, Advent Calendar 2019, Advent Calendar 2020, Advent Calendar 2021, Minifigures series 1, Minifigures series 2 Hermione Granger
95%
2 4757, 4767, 5378 Albus Dumbledore
88%
3 4842 Albus Dumbledore
88%
4 75948, 75954, 76389, 76391, 76394, Advent Calendar 2019, Minifigures series 1, Minifigures series 2 Albus Dumbledore
88%
1 4707, 4709, 4729 Albus Dumbledore
86%
1 4705, 4709, 4733 Severus Snape
85%
2 4751, 4752, 5378 Severus Snape
85%
3 4842 Severus Snape
85%
4 75953, 75956, 76383, 76392, Minifigure Collection Pack, Magazine Severus Snape
85%
1 4709, 4711, 4726, 4733, 4735, 4719 Draco Malfoy
81%
2 4750, 4757, 5378 Draco Malfoy
81%
3 4737, 4841 Draco Malfoy
81%
4 30628, 40419, 75954, 75969, 75978, 76383, 76395, Minifigures series 1, Advent Calendar 2021 Draco Malfoy
81%
2 4766 Voldemort
81%
3 4842, 4865, Comic Convention 2011 Exclusive Voldemort
81%
4 75965, 76389, Minifigures series 1 Voldemort
81%
3 10217 Fred Weasley
77%
4 75978, Minifigures series 2 Fred Weasley
77%
3 10217 George Weasley
77%
4 75978, Minifigures series 2 George Weasley
77%
1 4707, 4709, 4714 Rubeus Hagrid
76%
2 4754, 5378 Rubeus Hagrid
76%
3 4738, 4865 Rubeus Hagrid
76%
4 75947, 75954, 75958, 75978, 76391 Rubeus Hagrid
76%
1 4730 Ginny Weasley
74%
3 4840, 4841 Ginny Weasley
74%
4 75978, 75980, 76389, Minifigures series 2 Ginny Weasley
74%
1 4729 Minerva McGonagall
70%
3 4842 Minerva McGonagall
70%
4 75954, 76382, 76388, 76391, Advent Calendar 2019 Minerva McGonagall
70%
2 4752 Neville Longbottom
69%
3 4867 Neville Longbottom
69%
4 75969, 76384, 76395, Minifigures series 1, Minifigures series 2 Neville Longbottom
69%
2 4752, 4756, 4758, 10132 Remus Lupin
69%
3 4867 Remus Lupin
69%
4 75955 Remus Lupin
69%
2 4753, 4756 Sirius Black
69%
4 75945, Magazine Sirius Black
69%
3 4841 Luna Lovegood
67%
4 75966, 75969, 76389, Minifigures series 1, Minifigures series 2 Luna Lovegood
67%
4 75946, 75948, 76384, Magazine, Minifigures series 1 Cedric Diggory
63%
2 4762, 4768 Viktor Krum
62%
4 75946, 75948 Viktor Krum
62%
4 75953, 76383 Seamus Finnigan
60%
2 5378 Dolores Umbridge
59%
4 75967, Minifigure Collection Pack Dolores Umbridge
59%
2 4767 Mad-Eye Moody
59%
4 Minifigures series 1 Mad-Eye Moody
59%
4 75980, Minifigures series 2 Bellatrix Lestrange
58%
4 40419, 76385, Minifigures series 1, Advent Calendar 2020 Cho Chang
58%
1 4731 Dobby
58%
3 4736 Dobby
58%
4 75968, Minifigures series 1 Dobby
58%
3 4842 Filius Flitwick
57%
4 76385, Advent Calendar 2019, Minifigures series 1 Filius Flitwick
57%
3 4840 Bellatirx Lestrange
56%
4 75968, Advent Calendar 2021 Dudley Dursley
56%
4 75946, 75948, 75958 Fleur Delacour
56%
3 4840 Arthur Weasley
55%
4 75980 Arthur Weasley
55%
1 4730, 4733 Gilderoy Lockhart
55%
4 75978, 76389 Gilderoy Lockhart
55%
1 4720, 4731 Lucius Malfoy
55%
2 4766 Lucius Malfoy
55%
3 4736, 4867, 10217 Lucius Malfoy
55%
4 75978 Lucius Malfoy
55%
3 4840 Molly Weasley
55%
4 75978, 75980 Molly Weasley
55%
2 4755, 5378 Hedwig
53%
3 4842, 4866, 10217, 30110 Hedwig
53%
4 30407, 30420, 75954, 75968, 75969, 75978, 75979, 75980, 76389, Advent Calendar 2019, Advent Calendar 2021, Minifigures series 1 Hedwig
53%
3 4867 Pomona Sprout
52%
4 76384, Minifigures series 2 Pomona Sprout
52%
1 4735 Gregory Goyle
50%
3 4867 Gregory Goyle
50%
1 4728 Vernon Dursley
50%
4 75968 Vernon Dursley
50%
3 4842 Argus Filch
49%
4 75953 Argus Filch
49%
4 Minifigures series 2 James Potter
48%
4 Minifigures series 2 Lily Potter
48%
2 4756, 4766 Peter Pettigrew
48%
4 75965 Peter Pettigrew
48%
3 4865 Narcissa Malfoy
47%
4 75969, Minifigure Collection Pack Horace Slughorn
45%
4 75980 Nymphadora Tonks
45%
1 4735 Vincent Crabbe
44%
4 76388, Minifigures series 1 Dean Thomas
42%
4 75968 Petunia Dursley
42%
1 4730 Tom Riddle
41%
4 76389 Tom Riddle
41%
4 75969 Lavender Brown
40%
1 4726 Madame Hooch
40%
3 4737 Madame Hooch
40%
4 76395, Minifigure Collection Pack Madame Hooch
40%
2 4768 Igor Karkaroff
38%
4 Minifigures series 2, Advent Calendar 2021 Griphook
37%
4 75954, 75955, 76382, Minifigures series 1 Scabbers
37%
2 4753, 4757, 4758 Dementor
36%
3 4842, 4867 Dementor
36%
4 75945, 75955 Dementor
36%
4 Minifigures series 2 Kingsley Shacklebolt
36%
2 4750, 4753 Buckbeak
35%
4 75947 Buckbeak
35%
4 75947 Minister of Magic / Cornelius Fudge
35%
4 75956 Oliver Wood
35%
4 Advent Calendar 2020 Parvatti Patil
35%
2 5378 Death Eater
34%
3 4842 Death Eater
34%
4 75965 Death Eater
34%
3 4865 Nagini
34%
4 Minifigures series 1 Nagini
34%
1 4727 Aragog
33%
3 4738 Aragog
33%
4 75950 Aragog
33%
4 Minifigures series 1 Crookshanks
31%
3 4840, 10217 Fenrir Greyback
31%
4 75980 Fenrir Greyback
31%
4 Advent Calendar 2020 Padma Patil
31%
4 75954, 76389 Nearly Headless Nick
30%
1 4730 Basilisk
29%
4 75954, 76389 Basilisk
29%
4 76389 Colin Creevey
29%
1 4705, 4709 Peeves
29%
1 4706 Fluffy
28%
4 76387 Fluffy
28%
4 Minifigures series 2 Moaning Myrtle
28%
4 71043 Rowena Ravenclaw
28%
3 10217 Garrick Ollivander
27%
4 40289 Garrick Ollivander
27%
1 4714 Goblin
27%
3 10217 Goblin
27%
4 71043 Godric Gryffindor
27%
4 40419 Hannah Abbott
27%
4 71043 Helga Hufflepuff
27%
1 4712 Troll
27%
3 4737 Marcus Flint
26%
4 75956 Marcus Flint
26%
4 71043 Salazar Slytherin
26%
4 75954, 76394, Minifigures series 2 Fawkes
24%
4 75958 Gabrielle Delacour
24%
1 4702 Quirinus Quirrell
24%
4 75954, 76386, 76395 Quirinus Quirrell
24%
4 75957 Stan Shunpike
24%
2 4757 Sybill Trelawney
24%
4 Minifigures series 1 Sybill Trelawney
24%
4 75967 Grawp
23%
4 75952, Minifigures series 1 Newt Scamander
23%
4 75954 Susan Bones
23%
3 4866 Ernie Prang
21%
4 75957 Ernie Prang
21%
4 75951 Gellert Grindelwald
21%
4 76389 Justin Finch-Fletchley
21%
1 4707 Norbert
21%
4 75948, 75958 Madame Maxime
19%
4 76389 Professor Sinistra
19%
4 75967 Centaur
16%
4 76388 Madam Rosmerta
16%
4 75947 Executioner / Macnair
14%
4 75978 Florean Fortescue
13%
4 75952, Minifigures series 1 Queenie Goldstein
12%
4 75955 The Trolley Witch
10%
4 75952, Minifigures series 1 Tina Goldstein
10%
4 75978 Daily Prophet Photographer
9%
4 75956 Lucian Bole
9%
4 75952, Minifigures series 1 Jacob Kowalski
8%
4 40500 Mr. Borgin
7%
4 76388 Mr. Flume
7%
4 76388 Mrs. Flume
7%
2 5378 Testral
7%
4 75951 Testral
7%
4 Minifigures series 1 Credence Barebone
6%
3 4842 Ms Norris
6%
4 75951 Seraphina Picquery
5%
4 Minifigures series 1 Percival Graves
3%
3 4866 Stan Shumpike
3%
2 4762 Triton
3%
3 4737 Olivier Wood
2%
4 40500 Wizarding World Female
2%
4 40500 Wizarding World Male
2%
No matching quizzes found
Score Distribution
Percent of People with Each Score
Percentile by Number Answered
Your Score History
You have not taken this quiz